Name Dropping #32: “Super” Actors #6 - Statistics

General Stats
  • This quiz has been taken 66 times
  • The average score is 11 of 20
Answer Stats
Hint Extra Hint Answer % Correct
Anne Film: Catwoman in “The Dark Knight Rises” (2012). Hathaway
90%
Brie Film: Captain Marvel in “Captain Marvel” (2019); “Avengers: Endgame” (2019); “The Marvels” (2023). Larson
90%
Jeremy Film: Hawkeye in “The Avengers” (2012); “Avengers: Age of Ultron” (2015); “Captain America: Civil War” (2016); “Avengers: Endgame” (2019).

TV: Hawkeye in “Hawkeye” (6-episode miniseries, 2021, Disney+).
Renner
90%
Jim Film: Colonel Stars and Stripes in “Kick-Ass 2” (2013); Dr. Ivo “Eggman” Robotnik in “Sonic the Hedgehog” (2020), “Sonic the Hedgehog 2” (2022), “Sonic the Hedgehog 3” (2024). Carrey
83%
Ethan TV: Arthur Harrow in “Moon Knight” (6-episode miniseries, 2022, Disney+). Hawke
83%
James Film: New Goblin in “Spider-Man 3” (2007). Franco
79%
Oscar TV: Moon Knight / Mr. Knight in “Moon Knight” (6-episode miniseries, 2021, Disney+). Isaac
72%
Hugo Film: Red Skull in “Captain America: The First Avenger” (2011). Weaving
72%
Benedict Film: Wong in “Doctor Strange” (2016); “Avengers: Infinity War” (2018); “Avengers: Endgame” (2019); “Shang-Chi and the Legend of the Ten Rings” (2021); “Spider-Man: No Way Home” (2021); “Doctor Strange in the Multiverse of Madness” (2022).

TV: Wong in “She-Hulk: Attorney at Law” (3 episodes, 2022, Disney+).
Wong
66%
Naomie Film: Shriek in “Venom: Let There Be Carnage” (2021). Harris
48%
Chloe TV: Quake in “Agents of S.H.I.E.L.D.” (136 episodes, 2013–2020, ABC). Bennet
45%
Vincent TV: Egghead in “Batman” (5 episodes, 1967–1968, ABC). Price
45%
Edi Film: Darwin in “X-Men: First Class” (2011). Gathegi
41%
Ariana Film: Calypso Ezili in “Kraven the Hunter” (2024). DeBose
38%
Emma Film: Cassandra Nova in “Deadpool & Wolverine” (2024). Corrin
34%
Brian Tyree Film: Phastos in “Eternals” (2021); “Thor: Love and Thunder” (2022). Henry
34%
Alexander Film: Pyro in “X-Men” (2000). Burton
28%
Andra TV: Iridia in “Inhumans” (2017, ABC). Nechita
28%
Laurence Film: Gressil in “Ghost Rider” (2007) Breuls
17%
Maurice TV: Puzzler in “Batman” (2 episodes, 1966–1967, ABC). Evans
17%
No matching quizzes found
Score Distribution
Percent of People with Each Score
Percentile by Number Answered
Your Score History
You have not taken this quiz